Getting it done : project management in action /

Bibliographic Details
Corporate Author: Project Management Institute, (Author)
Format: eBook
Language:English
Published: Newtown Square, Pennsylvania : Project Management Institute, Inc., 2016.
Subjects:
Online Access:Click to View
LEADER 01703nam a2200385 i 4500
001 EBC4603818
003 MiAaPQ
005 20200520144314.0
006 m o d |
007 cr cnu||||||||
008 160822t20162016pauao o 000 0 eng d
020 |z 9781628251142 
020 |a 9781628251715 (e-book) 
035 |a (MiAaPQ)EBC4603818 
035 |a (Au-PeEL)EBL4603818 
035 |a (CaPaEBR)ebr11238249 
035 |a (OCoLC)954284807 
040 |a MiAaPQ  |b eng  |e rda  |e pn  |c MiAaPQ  |d MiAaPQ 
050 4 |a HD69.P75  |b .P765 2016 
082 0 |a 658.404  |2 23 
110 2 |a Project Management Institute,  |e author. 
245 1 0 |a Getting it done :  |b project management in action /  |c Project Management Institute. 
264 1 |a Newtown Square, Pennsylvania :  |b Project Management Institute, Inc.,  |c 2016. 
264 4 |c 2016 
300 |a 1 online resource (174 pages) :  |b color illustrations, photographs 
336 |a text  |2 rdacontent 
337 |a computer  |2 rdamedia 
338 |a online resource  |2 rdacarrier 
588 |a Description based on online resource; title from PDF title page (ebrary, viewed August 16, 2016). 
590 |a Electronic reproduction. Ann Arbor, MI : ProQuest, 2016. Available via World Wide Web. Access may be limited to ProQuest affiliated libraries. 
650 0 |a Project management. 
655 4 |a Electronic books. 
776 0 8 |i Print version:  |a Project Management Institute.  |t Getting it done : project management in action.  |d Newtown Square, Pennsylvania : Project Management Institute, Inc., c2016   |h approximately 174 pages   |z 9781628251142 
797 2 |a ProQuest (Firm) 
856 4 0 |u https://ebookcentral.proquest.com/lib/matrademy/detail.action?docID=4603818  |z Click to View